Concluding remarks

Bibliographic Details
Published in:The history of cartography, J.B. Harley and David Woodward, Chicago [etc.], P. 502-510
Main Authors: Harley, J.B., Woodward, David
Content type: Article
Published: 1987
Source:MPIPL_cat

MARC

LEADER 00000naa a2200000 u 4500
001 PL0053676
003 PLI01000000000000000053357
005 00000000000000.0
008 ||| u
100 1 |a Harley, J.B. 
245 0 0 |a Concluding remarks  |c J.B. Harley and David Woodward 
260 |c 1987 
700 1 |a Woodward, David 
773 0 8 |t The history of cartography  |a J.B. Harley and David Woodward  |d Chicago [etc.]  |g P. 502-510  |w MPIPL_cat.PL0053653  |z 0-226-31633-5  |i In: 
952 |h P. 502-510 
996 |a Aufsatz 
997 |a book chapter